00430nam a2200145 a 450000500170000000800410001703500190005810000220007722200330009924500750013230000090020736200240021665300210024065300230026120210219152950.0991125n 000 0 u aUPN010000693791 aLenth, Charles S. aJOURNAL OF GENERAL EDUCATION aThe context and policy requisites of national postsecondary assessment a9-320 a1993 Vol. 42, no. 10 aAVALUO EDUCATIVO0 aPOLITICA EDUCATIVA